Návrh inovácie podnikateľského modelu diplomová práca

Saved in:
Bibliographic Details
Main Author: Ye, Ena
Corporate Author: Fakulta podnikového manažmentu EU. Katedra manažmentu
Other Authors: Slávik, Štefan, 1955-
Format: Book
Language:Slovak
Published: Bratislava 2025
Tags: Add Tag
No Tags, Be the first to tag this record!

MARC

LEADER 00000nbm a2200000 4500
001 0309808
005 20260325090140.6
041 0 |a slo 
044 |a SK 
245 1 0 |a Návrh inovácie podnikateľského modelu  |b diplomová práca  |c Ena Ye ; školiteľ: Štefan Slávik 
264 1 |a Bratislava  |c 2025 
300 |a 80 s. 
100 1 |a Ye, Ena 
700 1 |a Slávik, Štefan, 1955- 
710 2 |a Fakulta podnikového manažmentu EU. Katedra manažmentu